Escenas de la historia de un país 1
Los procesos más significativos de la historia argentina, durante los siglos XIX y XX, a través de la recreación de escenas y con el soporte de un importante archivo fotográfico y audiovisual, y de ilustraciones de época. Un repaso por sucesos históricos que aportan datos para una mejor comprensión...
Guardado en:
| Autor Principal: | |
|---|---|
| Autores Corporativos: | , |
| Otros Autores: | , , |
| Formato: | |
| Idioma: | Undetermined |
| Publicado: |
Buenos Aires,
2011-2012.
|
| Materias: | |
| Acceso en línea: | http://encuentro.gob.ar/programas/serie/8148 |
| Etiquetas: |
Agregar Etiqueta
Sin Etiquetas, Sea el primero en etiquetar este registro!
|
| LEADER | 01797ngm a22003135a 4500 | ||
|---|---|---|---|
| 001 | CEM.cems019788 | ||
| 008 | 221020m20112012ag#---############vlund#d | ||
| 005 | 20221020205328.0 | ||
| 245 | 1 | 0 | |a Escenas de la historia de un país 1 |h [videograbación] / |c Mauricio Minotti. |
| 260 | |a Buenos Aires, |c 2011-2012. | ||
| 300 | |a 30'. | ||
| 505 | 0 | |a 01. Sanción de la ley del voto femenino -- 02. Fresco y Pinedo: que todo cambie para que nada cambie -- 03. Sanción de la Ley Sáenz Peña -- 04. La reforma constitucional de 1949 -- Duración aproximada por capítulo 30 minutos. Duración total aproximada: 2 horas | |
| 520 | |a Los procesos más significativos de la historia argentina, durante los siglos XIX y XX, a través de la recreación de escenas y con el soporte de un importante archivo fotográfico y audiovisual, y de ilustraciones de época. Un repaso por sucesos históricos que aportan datos para una mejor comprensión de nuestro pasado como Nación y nos invita a pensar de qué manera ese legado nos permite entender, aceptar o transformar nuestro presente. | ||
| 590 | |a Identificación anterior: D 209 A | ||
| 538 | |a Soporte: DVD -- Formato: AVI y MP4 -- Peso: 2.91gb -- Resolución: 720 x 540 -- 25fps | ||
| 100 | 1 | |a Minotti, Mauricio. | |
| 700 | 1 | |a Mariano, Carolina; Producción Ejecutiva. | |
| 700 | 1 | |a Alvarez, Gustavo; Contenidista. | |
| 700 | 1 | |a Arandojo, Diego; Guión. | |
| 710 | 2 | |a Canal Encuentro. | |
| 710 | 2 | |a Malchiko Contenidos audiovisuales. | |
| 653 | |a HISTORIA ARGENTINA | ||
| 653 | |a SXX | ||
| 653 | |a VOTO FEMENINO | ||
| 653 | |a FRESCO Y PINEDO | ||
| 653 | |a DEMOCRACIA | ||
| 653 | |a REFORMA CONSTITUCIONAL 1949 | ||
| 856 | |u http://encuentro.gob.ar/programas/serie/8148 | ||
| 859 | |a CEMS |b BIB. CEMS - Depto. Recursos Didacticos |h 982 |i MIN |k DRD |p 2910.22 |t Ej.1 | ||
